000 01828cam a22001814a 4500
005 20250605164405.0
008 250528s ||||||||||||||||||||||||d
035 _a24810
040 _aGR-AtMCL
_bgre
_dGR-AtMCL
_eAACR2
245 1 _aΑφιέρωμα στις Κακοήθεις Παθήσεις Παχέος Εντέρου και Πρωκτού (α' μέρος)
260 _bΥγεία,
_c2022
300 _a36
520 _aΚακίνος Παχέος Εντέρου: Επιδημιολογία και Παράγοντες Κινδύνου και Πρόληψη, Προληπτικός Έλεγχος Καρκίνου του Παχέος Εντέρου, Ο Ρόλος του Ενδοσκοπικού Υπερηχογραφήματος στη Σταδιοποίηση του Καρκίνου του Όρθου, Σταδιοποίηση Καρκίνου Όρθου, Χειρουργική Προσέγγιση Πρώιμου Καρκίνου Παχέος Εντέρου, Χειρουργική Προσέγγιση Ματαστάσεων και Liver-first και Colorectal-first ή Σύγχρονες Εκτομές για Κολορθικό Καρκίνο με Σύγχρονες Ηπακτικές Μεταστάσεις, Συμπληρωματική Χημειοθεραπεία στα Στάδια ΙΙ και ΙΙΙ του Καρκίνου Παχέος Εντέρου, Χειρουργική Προσέγγιση Καρκίνου του Όρθου, Τοπικές Θεραπείες Ηπατικών Μεατστάσεων από Καρκίνο του Παχέος Εντέρου, Χρήση Ανοσοθεραπείας στον Καρκίνο του Παχέος Εντέρου.
700 1 _aΑποστολάκης Ιωάννης
_99425
942 _cCR
999 _c9655
_d9655